| Tag |
First Indicator |
Second Indicator |
Subfields |
| LEADER |
00000pam a2200000 i 4500 |
| 001 |
in00000594721 |
| 005 |
20151014163733.0 |
| 008 |
770406s1978 nyua 00010 eng |
| 010 |
|
|
|a 77005692
|
| 020 |
|
|
|a 0668042435 :
|c $30.00
|
| 035 |
|
|
|a (OCoLC)02912417
|
| 035 |
|
|
|9 ACS3144AM
|
| 040 |
|
|
|a DLC
|c DLC
|d TXA
|d UtOrBLW
|
| 049 |
|
|
|a TXAM
|v 1 [974614]
|v 2 [974615]
|
| 050 |
0 |
0 |
|a TA333
|b .M67
|
| 082 |
0 |
|
|a 620/.0076
|
| 100 |
1 |
|
|a Morrison, James Warner,
|d 1940-
|
| 245 |
1 |
0 |
|a Fundamentals of engineering :
|b [preparation for the Engineer-in-training (EIT) examinaton] /
|c James W. Morrison.
|
| 264 |
|
1 |
|a New York :
|b Arco Pub. Co.,
|c [1978]
|
| 264 |
|
4 |
|c ©1978
|
| 300 |
|
|
|a 2 volumes :
|b illustrations ;
|c 26 cm.
|
| 336 |
|
|
|a text
|b txt
|2 rdacontent
|
| 337 |
|
|
|a unmediated
|b n
|2 rdamedia
|
| 338 |
|
|
|a volume
|b nc
|2 rdacarrier
|
| 490 |
1 |
|
|a Arco professional career examination series
|
| 650 |
|
0 |
|a Engineering
|v Problems, exercises, etc.
|
| 830 |
|
0 |
|a Arco professional career examination series.
|
| 999 |
|
|
|a MARS
|
| 999 |
f |
f |
|s 9566b137-9957-39d4-a17f-9de06cad5442
|i 9324dc1e-cab6-35c8-9782-245b61f6368e
|t 0
|
| 952 |
f |
f |
|p ric
|a Texas A&M University
|b Rellis Campus
|c Joint Library Facility
|d Remote Storage
|t 0
|e TA333 .M67
|h Library of Congress classification
|i unmediated -- volume
|k v.1
|m A14805300151
|
| 952 |
f |
f |
|p ric
|a Texas A&M University
|b Rellis Campus
|c Joint Library Facility
|d Remote Storage
|t 0
|e TA333 .M67
|h Library of Congress classification
|i unmediated -- volume
|k v.2
|m A14805300169
|
| 998 |
f |
f |
|a TA333 .M67
|s v.1-v.2
|t 0
|l Remote Storage
|